000 00298nam a2200121Ia 4500
008 220214s9999 xx 000 0 und d
100 _aSingh N P
245 0 _aSteps to stone grafting in mango
260 _bIndian Horticulture
_c1981
300 _a10-Jul
700 _aSrivastava R P
942 _cRE
999 _c46246
_d46246